00519 2200193 4500001002100000005001500021008004100036020002200077035001900099041000700118082001100125090001700136100002200153245002700175260003900202300002000241990003200261990003200293INLIS00000000003194320241224133320241224||||||||| | ||| |||| || |  a978-979-780-954-6 0010-1224031943 aid0 a155.25 a155.25 HEN a0 aHenry Manampiring00aThe Alpha Girl's Guide aJAKARTA SELATANbGagas Mediac2020 a264 hlm.:19 cm. a1.3.5.01.001.001.012.000608 a1.3.5.01.001.001.012.000564